| 000 | 01256nac a22003615a 4500 | ||
|---|---|---|---|
| 999 |
_c9284 _d9284 |
||
| 003 | EG-ScBUE | ||
| 005 | 20210316102321.0 | ||
| 008 | 150827t1997 nyuab f bd 000 0deng d | ||
| 020 | _a0393976726 | ||
| 020 | _a9780393976724 | ||
| 035 | _a(DLC) 97007083 | ||
| 040 |
_aEG-ScBUE _beng _erda _cEG-ScBUE _dEG-ScBUE |
||
| 082 | 0 | 4 |
_a822.33 _bNOR _222 |
| 245 | 0 | 4 |
_aThe Norton Shakespeare : _bbased on the Oxford edition. _pTragedies / _cStephen Greenblatt, [and three others] ; with an essay on the Shakespearean stage by Andrew Gurr. |
| 246 | 3 | 0 | _aTragedies |
| 264 | 1 |
_aNew York ; _aLondon : _bW. W. Norton and Company, _c[1997] |
|
| 264 | 4 | _cc1997 | |
| 300 |
_axiv, 1143 pages : _billustrations, maps ; _c25 cm |
||
| 336 |
_2rdacontent _atext _btxt |
||
| 337 |
_2rdamedia _aunmediated _bn |
||
| 338 |
_2rdacarrier _avolume _bnc |
||
| 500 | _aIncludes glossary. | ||
| 504 | _aIncludes bibliographical references. | ||
| 590 | _aMenna Elemam | ||
| 600 | 1 | 7 |
_aShakespeare, William, _d1564-1616. _2BUEsh |
| 650 | 7 |
_aHumorous plays. _2BUEsh |
|
| 651 | _2BUEsh | ||
| 653 |
_bGGEN _cAugust2015 |
||
| 655 |
_vReading book _934232 |
||
| 700 | 1 |
_aGreenblatt, Stephen, _d1943- _eeditor. |
|
| 700 | 1 |
_aGurr, Andrew, _econtributor. |
|
| 942 |
_cBB _k822.33 SHA _2ddc |
||